000 00469nam a2200181Ia 4500
001 19528
005 20260306172700.0
008 260306t2002||||xx |||||||||||||| ||spa||
041 _aESP
082 _a340.11
_bE36
100 _aPosner, Eric A.
_eAUT
245 0 _aEl análisis económico del derecho y la Escuela de Chicago:
_blecturas en honor de Ronald Coase
260 _c2002
300 _a
_c
650 _aGEN
654 _aCDE
942 _cLIB
_dJUS
_fJUS
_2ddc
_n
999 _c19528
_d19528